|
|
|
|
| LEADER |
04625nam a22003853i 4500 |
| 001 |
EBC30686095 |
| 003 |
MiAaPQ |
| 005 |
20231204023231.0 |
| 006 |
m o d | |
| 007 |
cr cnu|||||||| |
| 008 |
231204s1989 xx o ||||0 eng d |
| 020 |
|
|
|a 9783631755723
|q (electronic bk.)
|
| 020 |
|
|
|z 9783631408032
|
| 035 |
|
|
|a (MiAaPQ)EBC30686095
|
| 035 |
|
|
|a (Au-PeEL)EBL30686095
|
| 035 |
|
|
|a (OCoLC)1229830062
|
| 040 |
|
|
|a MiAaPQ
|b eng
|e rda
|e pn
|c MiAaPQ
|d MiAaPQ
|
| 245 |
1 |
0 |
|a Hans-Michael Geiger- Informational Efficiency in Speculative Markets- a Theoretical Investigation :
|b Informational Efficiency in Speculative Markets.
|
| 250 |
|
|
|a 1st ed.
|
| 264 |
|
1 |
|a Frankfurt a.M. :
|b Peter Lang GmbH, Internationaler Verlag der Wissenschaften,
|c 1989.
|
| 264 |
|
4 |
|c Ã1989.
|
| 300 |
|
|
|a 1 online resource (242 pages)
|
| 336 |
|
|
|a text
|b txt
|2 rdacontent
|
| 337 |
|
|
|a computer
|b c
|2 rdamedia
|
| 338 |
|
|
|a online resource
|b cr
|2 rdacarrier
|
| 490 |
1 |
|
|a Allokation Im Marktwirtschaftlichen System Series ;
|v v.29
|
| 505 |
0 |
|
|a Cover -- PREFACE -- INTRODUCTION -- Chapter I The Fundamental Issue: Efficiency in Market Economies -- 1 The Separability of Market Systems into an Allocation System and an Information System -- 1.1 The Allocation System -- 1.1.1 PARETO's Paradigm -- 1.1.2 Extension: Market Costs -- 1.1.2.1 Transaction Costs -- 1.1.2.2 Coordination Costs -- 1.1.2.3 Transaction Costs versus Coordination Costs -- 1.1.3 Factor Earnings -- 1.1.3.1 Input Costs -- 1.1.3.2 Managerial Reward -- 1.2 The Information System -- 1.2.1 The Concept of an Information System -- 1.2.2 Entrepreneurial Activity and Managerial Performance -- 1.2.2.1 The Mode of Interaction -- 1.2.2.2 Entrepreneurial Profit -- 1.2.2.3 Structures of Organization and Efficiency -- 1.2.3 The Process of Diffusion of Information -- 1.2.3.1 Profit Erosion as an Indication of Diffusion of Information -- 1.2.3.2 A Simple Model of Profit Erosion -- 1.2.4 Allocation versus Information Processes -- 1.2.5 Possession versus Property -- 2 The Concept of Allocational Efficiency and Informational Efficiency -- 2.1 Efficiency and Rationality in Economic Science -- 2.2 The Concept of Allocational Efficiency -- 2.3 The Concept of Informational Efficiency -- 3 An Efficiency-Preference Function -- Chapter II The Empirical Reference System: Futures Markets -- 1 Definition and Institutional Setup -- 2 Transaction Possibilities with Particular Reference to Conflicting Theories of Hedging -- 2.1 Arbitrage -- 2.2 Hedging -- 2.2.1 Hedging for Risk-Shifting -- 2.2.2 Hedging for Profit-Making -- 2.3 Speculation -- 2.4 Spreading -- 3 Economic Functions of Futures Markets -- 3.1 Microeconomic Functions -- 3.2 Macroeconomic Functions -- 4 Institutional Properties of Futures Markets as an Aid to Theoretical Analysis -- Chapter III The 'Neoclassical' Perspective of Informational Efficiency -- 1 Introductory Notes.
|
| 505 |
8 |
|
|a 2 The Arithmomorphic Approach -- 2.1 Presentation of the Basic Idea -- 2.2 Expected Return Models -- 2.3 Statistical Backround -- 2.4 A FAMA-Model of an Informational Efficient Market System -- 2.4.1 Presentation of a FAMA-Model of an Informational Efficient Market System -- 2.4.2 Tests of Informational Efficiency -- 2.4.3 The Problem of Joint Tests -- 2.5 Limitations and Criticism of the Arithmomorphic Approach -- Chapter IV An 'Austrian' Perspective of Informational Efficiency -- 1 Introductory Notes -- 2 An 'Austrian' Perspective -- 2.1 Hedging versus Speculation -- 2.2 Information Processes -- 2.3 Divergent Expectations and Speculative Prices -- 2.3.1 The Idea of Expectations -- 2.3.2 Consensus Expectations versus Divergent Expectations -- 2.3.3 The 'Unquiet Market' -- 2.3.4 The Principle of False-Price-Trading -- 2.3.5 Speculative Prices versus Forecast Prices -- 2.4 Monopoly and Profit -- 2.4.1 The Notion of Friction -- 2.4.2 Monopoly -- 2.4.3 Market Efficiency.
|
| 588 |
|
|
|a Description based on publisher supplied metadata and other sources.
|
| 590 |
|
|
|a Electronic reproduction. Ann Arbor, Michigan : ProQuest Ebook Central, 2023. Available via World Wide Web. Access may be limited to ProQuest Ebook Central affiliated libraries.
|
| 655 |
|
4 |
|a Electronic books.
|
| 776 |
0 |
8 |
|i Print version:
|t Hans-Michael Geiger- Informational Efficiency in Speculative Markets- a Theoretical Investigation
|d Frankfurt a.M. : Peter Lang GmbH, Internationaler Verlag der Wissenschaften,c1989
|z 9783631408032
|
| 797 |
2 |
|
|a ProQuest (Firm)
|
| 830 |
|
0 |
|a Allokation Im Marktwirtschaftlichen System Series
|
| 856 |
4 |
0 |
|u https://ebookcentral.proquest.com/lib/matrademy/detail.action?docID=30686095
|z Click to View
|